British Rail train numbers to classes - Statistics

General Stats
  • This quiz has been taken 8 times
  • The average score is 10 of 20
Answer Stats
Hint Answer % Correct
52401–57401 156
83%
53160–59539–53164 101
67%
51350–51392 117
50%
55034 121
50%
55542–55592 142
50%
55200–55400–55300 150
50%
58920–55419–58957 165
50%
60142–60616–60916 207
50%
75045–61045–70045–75645 304
50%
62529–71213–62593 313
50%
77001–62662–71578–77049 317
50%
77813–62826–71714–77814 455
50%
64759–72028–72029–64809 465
50%
64367–71342–64405 507
50%
53001–54001 114
33%
60110–60660–60810 205
33%
75881–61886–70614–75890 308
33%
64032–72232–65032 323
33%
76685–62338–71019–76686 423
33%
65446–77167 504
33%
No matching quizzes found
Score Distribution
Percent of People with Each Score
Percentile by Number Answered
Your Score History
You have not taken this quiz